Floriseo (Record no. 4354)

MARC details
000 -CABECERA
campo de control de longitud fija 00813nam a2200253 a 4500
001 - NÚMERO DE CONTROL
campo de control BRCA_4653
005 - FECHA Y HORA DE LA ÚLTIMA TRANSACCIÓN
campo de control 20190320204742.0
008 - DATOS DE LONGITUD FIJA--INFORMACIÓN GENERAL
campo de control de longitud fija 290910s1999----sp-#######---#000-0#spa-#
020 ## - NÚMERO INTERNACIONAL ESTÁNDAR DEL LIBRO
Número Internacional Estándar del Libro 8488333323
040 ## - FUENTE DE LA CATALOGACIÓN
Centro catalogador/agencia de origen spa
041 ## - CÓDIGO DE LENGUA
Código de lengua del texto/banda sonora o título independiente sp
050 #4 - SIGNATURA TOPOGRÁFICA DE LA BIBLIOTECA DEL CONGRESO
Número de clasificación PQ6279
Número de documento/Ítem .G85 1999
100 1# - ENTRADA PRINCIPAL--NOMBRE DE PERSONA
Nombre de persona Guijarro Ceballos, Javier
9 (RLIN) 11775
245 10 - MENCIÓN DE TÍTULO
Título Floriseo
Resto del título (Valencia, Diego de Gumiel, 1516) : guía de lectura
Mención de responsabilidad, etc. por Javier Guijarro Ceballos.
260 ## - PUBLICACIÓN, DISTRIBUCIÓN, ETC.
Lugar de publicación, distribución, etc. Alcalá de Henares [España]
Nombre del editor, distribuidor, etc. Centro de Estudios Cervantinos
Fecha de publicación, distribución, etc. 1999
300 ## - DESCRIPCIÓN FÍSICA
Extensión 92 p.
Dimensiones 24 cm.
440 #0 - MENCIÓN DE SERIE/PUNTO DE ACCESO ADICIONAL--TÍTULO
Título Guías de lectura caballeresca
Designación de volumen o secuencia 10
9 (RLIN) 11776
500 ## - NOTA GENERAL
Nota general Incluye índice genaral de la colección
504 ## - NOTA DE BIBLIOGRAFÍA, ETC.
Nota de bibliografía, etc. Bibliografía: p. [87]
650 14 - PUNTO DE ACCESO ADICIONAL DE MATERIA--TÉRMINO DE MATERIA
Término de materia o nombre geográfico como elemento de entrada Literatura
Subdivisión geográfica España
9 (RLIN) 11777
650 14 - PUNTO DE ACCESO ADICIONAL DE MATERIA--TÉRMINO DE MATERIA
Término de materia o nombre geográfico como elemento de entrada Literatura colonial
9 (RLIN) 11778
902 ## - CATALOGADOR
Iniciales CERV
942 ## - ELEMENTOS DE PUNTO DE ACCESO ADICIONAL (KOHA)
Fuente del sistema de clasificación o colocación Library of Congress Classification
Tipo de ítem Koha Libros
Holdings
Estado de retiro Estado de pérdida Estado dañado No para préstamo Localización permanente Ubicación/localización actual Fecha de adquisición Total de préstamos Signatura topográfica completa Código de barras Fecha visto por última vez Precio válido a partir de Tipo de ítem Koha
El ejemplar forma parte de la colección y puede ser consultado según las políticas vigentes.       Biblioteca del Museo Franz Mayer (Rogerio Casas-Alatriste) Biblioteca del Museo Franz Mayer (Rogerio Casas-Alatriste) 29/09/2010   PQ6279 .G85 1999 CERV00033 22/03/2019 22/03/2019 Libros